Statistiques concernant Pokémon DonjonMystère Explorateurs du Ciel-Donjons histoire principale

Cliquez ici pour prendre le quiz!

Statistiques générales

  • Ce quiz a été pris 12 fois
  • Le résultat moyen est 16 sur 26

Statistiques - réponses

Réponse% Correct
Grotte Littorale
89%
Falaise Trempée
78%
Forêt Linceul
78%
Grotte Cascade
78%
Mont Hérissé
78%
Caverne Cristal
67%
Caverne Saline
67%
Désert du Nord
67%
Forêt Brumeuse
67%
Grotte Etuve
67%
Mont Corne
67%
Plaines Elek
67%
Terres Illusoires
67%
Tour du Temps
67%
Bois aux Pommes
56%
Chemin Sylvestre
56%
Croisement Cristal
56%
Forêt Crépuscule
56%
Grotte Abîme
56%
Grotte Sables Mouvants
56%
Chemin Lisière
44%
Chemin Rocheux
44%
Coeur Forêt Crépuscule
44%
Colline Sombre
44%
Côte Escarpée
44%
Ruine Scellée
44%

Distribution des résultats

Percentile par nombre de réponses

% des personnes avec chaque résultat

Votre développement - résultats

Vous n’avez pas pris ce quiz